000 00313nam a22001337a 4500
008 180127b xxu||||| |||| 00| 0 eng d
020 _a1570130078
041 _aeng
080 _a616
100 _a4
101 _aSHM
245 _aPhotographic Case Studies in Family Practice
_cAnderson, M.D
942 _2udc
_cBK
999 _c41069
_d41069